[Event "Heraklion op 20th"]
[Site "Heraklion"]
[Date "2017.04.24"]
[Round "9"]
[White "Vitsaxakis, Nikolaos"]
[Black "Fragiadakis, Emanouel"]
[Result "0-1"]
[WhiteElo "1726"]
[BlackElo "1827"]
[PlyCount "66"]
[EventDate "2017.04.17"]
[EventType "swiss"]
[EventRounds "9"]
[EventCountry "GRE"]
[SourceTitle "CBM 177 Extra"]
[Source "ChessBase"]
[SourceDate "2017.04.27"]
[SourceVersion "1"]
[SourceVersionDate "2017.04.27"]
[SourceQuality "1"]

1. d4 d5 2. Bf4 Nf6 3. e3 c5 4. Nf3 Nc6 5. c3 e6 6. Nbd2 Bd6 7. Ne5 Qe7 8. Bd3 Bd7 9. Qe2 Rc8 10. a3 0-0 11. h4 Ne8 12. Rh3 f5 13. h5 Nf6 14. Ndf3 c4 15. Bc2 b5 16. Nh4 Bxe5 17. Bxe5 Nxe5 18. dxe5 Ng4 19. f4 Qc5 20. Kd2 a5 21. Rg3 Nh6 22. Rh3 b4 23. Rhh1 bxc3+ 24. bxc3 Rb8 25. Ra2 Rb7 26. Nf3 Rfb8 27. Qd1 Ng4 28. Qe2 Rb2 29. Raa1 Nxe3 30. Nd4 Nxc2 31. Nxc2 d4 32. cxd4 Qxd4+ 33. Ke1 Rxc2 0-1

[Event "GRE-ch U20"]
[Site "Chania"]
[Date "2017.01.07"]
[Round "8"]
[White "Marinakis, Hristos"]
[Black "Vitsaxakis, Nikolaos"]
[Result "1-0"]
[WhiteElo "1861"]
[BlackElo "1745"]
[PlyCount "79"]
[EventDate "2017.01.02"]
[EventType "swiss"]
[EventRounds "9"]
[EventCountry "GRE"]
[SourceTitle "EXT 2024"]
[Source "ChessBase"]
[SourceDate "2023.10.10"]
[SourceVersion "1"]
[SourceVersionDate "2023.10.10"]
[SourceQuality "1"]

1. e4 e5 2. Nf3 Nc6 3. Bb5 a6 4. Ba4 Nf6 5. 0-0 Be7 6. Re1 b5 7. Bb3 d6 8. c3 0-0 9. h3 h6 10. d4 exd4 11. cxd4 Na5 12. Bc2 c5 13. Nbd2 Nc6 14. Nf1 cxd4 15. Nxd4 Nxd4 16. Qxd4 Be6 17. Ng3 Rc8 18. Bd3 Re8 19. Bd2 d5 20. e5 Nd7 21. Nf5 Bc5 22. Qg4 Bxf5 23. Bxf5 Rc7 24. Bxh6 Bf8 25. e6 Nf6 26. exf7+ Rxf7 27. Qg6 Rfe7 28. Rxe7 Rxe7 29. Rc1 Qd6 30. Bg5 Re2 31. Bxf6 Qxf6 32. Qh7+ Kf7 33. Qh5+ g6 34. Bxg6+ Qxg6 35. Qxe2 Qd6 36. Qh5+ Kf6 37. Qe8 Qb4 38. Rc6+ Kg7 39. Rg6+ Kh7 40. Qf7+ 1-0

[Event "GRE-ch U20"]
[Site "Chania"]
[Date "2017.01.06"]
[Round "7.13"]
[White "Vitsaxakis, Nikolaos"]
[Black "Xirouhakis, Petros"]
[Result "1-0"]
[WhiteElo "1745"]
[BlackElo "1142"]
[PlyCount "75"]
[EventDate "2017.01.02"]
[EventType "swiss"]
[EventRounds "9"]
[EventCountry "GRE"]
[SourceTitle "EXT 2024"]
[Source "ChessBase"]
[SourceDate "2023.10.10"]
[SourceVersion "1"]
[SourceVersionDate "2023.10.10"]
[SourceQuality "1"]

1. e4 c5 2. Nc3 d6 3. g3 Nf6 4. Bg2 a6 5. d3 Nc6 6. h3 e6 7. Be3 Be7 8. f4 Qc7 9. Nge2 0-0 10. 0-0 Bd7 11. g4 h6 12. Ng3 Rac8 13. h4 Nd4 14. g5 hxg5 15. hxg5 Ne8 16. Kf2 g6 17. Qg4 Ng7 18. Qh4 f5 19. Rac1 Kf7 20. Nge2 Rh8 21. Qg3 Nxe2 22. Kxe2 Rcf8 23. Rh1 Qd8 24. Bf3 Rxh1 25. Rxh1 Rh8 26. Rh6 Qg8 27. Qh2 Rxh6 28. gxh6 Ne8 29. h7 Qh8 30. exf5 exf5 31. Bxb7 a5 32. Nd5 Bd8 33. Bd2 Bf6 34. Nxf6 Nxf6 35. Bxa5 Be6 36. Bc3 d5 37. Be5 c4 38. Qh4 1-0

[Event "GRE-ch U20"]
[Site "Chania"]
[Date "2017.01.05"]
[Round "6"]
[White "Kalogeris, Ioannis"]
[Black "Vitsaxakis, Nikolaos"]
[Result "1-0"]
[WhiteElo "2302"]
[BlackElo "1745"]
[PlyCount "83"]
[EventDate "2017.01.02"]
[EventType "swiss"]
[EventRounds "9"]
[EventCountry "GRE"]
[SourceTitle "EXT 2024"]
[Source "ChessBase"]
[SourceDate "2023.10.10"]
[SourceVersion "1"]
[SourceVersionDate "2023.10.10"]
[SourceQuality "1"]

1. e4 e5 2. Nf3 Nc6 3. Bb5 a6 4. Bxc6 dxc6 5. 0-0 Bg4 6. h3 h5 7. d3 Qf6 8. Nbd2 g5 9. Re1 Bd6 10. hxg4 hxg4 11. Nh2 Rxh2 12. Nf1 Rh4 13. Ng3 Ne7 14. Be3 Qg6 15. Qd2 f6 16. c4 Ng8 17. c5 Be7 18. Qa5 0-0-0 19. b4 Nh6 20. b5 axb5 21. a4 bxa4 22. d4 exd4 23. Red1 Kd7 24. Rxd4+ Ke8 25. Qxc7 Rxd4 26. Bxd4 Kf7 27. Re1 Qg8 28. Qxb7 Qd8 29. Qb4 a3 30. Rd1 Kg6 31. Qxa3 Qd7 32. Qb3 Qc8 33. Ra1 Qd7 34. Rd1 Qc8 35. e5 f5 36. e6 Bf6 37. Bxf6 Kxf6 38. Qc3+ Kg6 39. Rd7 Qg8 40. Qe5 f4 41. Ne4 Qf8 42. Qxg5# 1-0

[Event "Heraklion op 18th"]
[Site "Heraklion"]
[Date "2016.09.05"]
[Round "4"]
[White "Vitsaxakis, Nikolaos"]
[Black "Ventura Bolet, Maxim"]
[Result "0-1"]
[WhiteElo "1797"]
[BlackElo "2250"]
[PlyCount "112"]
[EventDate "2016.09.03"]
[EventType "swiss"]
[EventRounds "9"]
[EventCountry "GRE"]
[SourceTitle "CBM 174 Extra"]
[Source "ChessBase"]
[SourceDate "2016.10.10"]
[SourceVersion "1"]
[SourceVersionDate "2016.10.10"]
[SourceQuality "1"]

1. Nf3 Nf6 2. d4 d6 3. Bf4 g6 4. Nbd2 Bg7 5. e4 0-0 6. Bd3 Nc6 7. c3 e5 8. Bg5 h6 9. Bh4 g5 10. d5 Ne7 11. Bg3 Ng6 12. h4 g4 13. h5 Nf4 14. Bxf4 exf4 15. Nd4 Re8 16. Qb3 Nd7 17. 0-0-0 Ne5 18. Bb5 Bd7 19. Bxd7 Qxd7 20. Qc2 a5 21. f3 Bf6 22. Nf5 Bg5 23. Kb1 g3 24. Nb3 Ra6 25. c4 a4 26. Nbd4 Rb6 27. Rc1 Rb4 28. Qe2 c5 29. a3 Rb6 30. Nc2 Rb3 31. Na1 Rb6 32. Nc2 Kh7 33. Na1 Bf6 34. Rc2 Bg5 35. Rd1 Ra6 36. Rdd2 Rb8 37. Kc1 b5 38. cxb5 Rxb5 39. Kd1 Rab6 40. Ke1 Qb7 41. Kd1 Bf6 42. Kc1 c4 43. Kb1 Nd3 44. e5 Bxe5 45. Nd4 Bxd4 46. Qe4+ Kg8 47. Qxd4 Ne5 48. Kc1 c3 49. Qxc3 Rc5 50. Qd4 Rbb5 51. Rxc5 Rxc5+ 52. Nc2 Rc4 53. Qg1 Qb3 54. Qd1 Rc5 55. Kb1 Nc4 56. Nb4 Nxa3+ 0-1

[Event "Heraklion op 18th"]
[Site "Heraklion"]
[Date "2016.09.04"]
[Round "2"]
[White "Vitsaxakis, Nikolaos"]
[Black "Lirindzakis, Timotheos"]
[Result "0-1"]
[WhiteElo "1797"]
[BlackElo "2195"]
[PlyCount "82"]
[EventDate "2016.09.03"]
[EventType "swiss"]
[EventRounds "9"]
[EventCountry "GRE"]
[SourceTitle "CBM 174 Extra"]
[Source "ChessBase"]
[SourceDate "2016.10.10"]
[SourceVersion "1"]
[SourceVersionDate "2016.10.10"]
[SourceQuality "1"]

1. e4 e5 2. Nf3 Nc6 3. Bb5 a6 4. Ba4 Nf6 5. d3 d6 6. c3 g6 7. 0-0 Bg7 8. Re1 0-0 9. Nbd2 Re8 10. Nf1 b5 11. Bc2 d5 12. Bg5 d4 13. cxd4 Nxd4 14. Nxd4 Qxd4 15. Qf3 Bg4 16. Qg3 Be6 17. b3 Nh5 18. Qe3 Qd6 19. Qd2 c5 20. a4 Nf4 21. axb5 axb5 22. Ra5 Bd7 23. Rea1 Rxa5 24. Rxa5 h6 25. Bh4 Ne6 26. Ne3 Nd4 27. Nd5 Be6 28. Nc3 Qb6 29. Ra2 b4 30. Na4 Qc6 31. Qd1 Ra8 32. Rb2 Bxb3 33. Bxb3 Nxb3 34. Qxb3 Qxa4 35. Qxa4 Rxa4 36. f3 Ra3 37. Be7 Bf8 38. Bxf8 Kxf8 39. Rd2 b3 40. Rb2 Ra1+ 41. Kf2 Ra2 0-1

[Event "Anogia op 5th"]
[Site "Anogia"]
[Date "2016.07.15"]
[Round "5"]
[White "Vitsaxakis, Nikolaos"]
[Black "Mourelatos, Ilias"]
[Result "0-1"]
[WhiteElo "1841"]
[BlackElo "2146"]
[PlyCount "94"]
[EventDate "2016.07.12"]
[EventType "swiss"]
[EventRounds "9"]
[EventCountry "GRE"]
[SourceTitle "CBM 173 Extra"]
[Source "ChessBase"]
[SourceDate "2016.08.29"]
[SourceVersion "1"]
[SourceVersionDate "2016.08.29"]
[SourceQuality "1"]

1. d4 Nf6 2. Nf3 e6 3. Bf4 c5 4. e3 cxd4 5. exd4 b6 6. Bd3 Bb7 7. 0-0 Be7 8. Re1 0-0 9. c4 d5 10. Nc3 dxc4 11. Bxc4 Nd5 12. Bg3 Bb4 13. Qd3 Nd7 14. a3 Bxc3 15. bxc3 Rc8 16. Rac1 N7f6 17. Ba2 Ne7 18. h3 Ng6 19. Ne5 Nd5 20. Nxg6 hxg6 21. c4 Nf6 22. d5 Rc5 23. d6 Nd7 24. f3 Ba6 25. Qd2 Qb8 26. Re4 Rfc8 27. Bh4 R8c6 28. Be7 Qc8 29. Rce1 Bxc4 30. Bb1 Bd5 31. R4e3 Rc1 32. Kh2 R6c3 33. Rxc1 Rxc1 34. Bd3 Qc5 35. Qe2 Bc4 36. Bxc4 Qxc4 37. Qd2 Rc2 38. Qb4 Qf1 39. Qg4 Rc1 40. Rxe6 fxe6 41. Qxe6+ Kh7 42. Qxd7 Qh1+ 43. Kg3 Qe1+ 44. Kg4 Rc4+ 45. f4 Qe2+ 46. Kg3 Qe3+ 47. Kh4 Qf2+ 0-1

[Event "GRE-ch U16"]
[Site "Porto Rio"]
[Date "2016.07.04"]
[Round "9"]
[White "Vitsaxakis, Nikolaos"]
[Black "Grigorakis, Stylianos"]
[Result "1-0"]
[WhiteElo "1841"]
[BlackElo "1380"]
[PlyCount "75"]
[EventDate "2016.06.28"]
[EventType "swiss"]
[EventRounds "9"]
[EventCountry "GRE"]
[SourceTitle "CBM 173 Extra"]
[Source "ChessBase"]
[SourceDate "2016.08.29"]
[SourceVersion "1"]
[SourceVersionDate "2016.08.29"]
[SourceQuality "1"]

1. d4 d5 2. Nf3 Nf6 3. Bf4 e6 4. e3 c5 5. c3 Be7 6. Bd3 0-0 7. Nbd2 Nc6 8. h4 Nh5 9. Bg5 f6 10. g4 fxg5 11. hxg5 c4 12. Bc2 Bxg5 13. Rxh5 h6 14. Nxg5 hxg5 15. Bh7+ Kf7 16. Nf3 Ke8 17. Nxg5 Qf6 18. f4 e5 19. f5 Ne7 20. Nf3 g6 21. dxe5 Qb6 22. Bxg6+ Nxg6 23. Qe2 Ne7 24. 0-0-0 Qa5 25. Kb1 b5 26. a3 Qd8 27. Nd4 Qb6 28. Rdh1 a5 29. Rh6 Qc5 30. Qd2 Rb8 31. Ne6 Bxe6 32. Rxe6 Kd7 33. Rd6+ Kc8 34. f6 Ng6 35. Rxd5 Qc6 36. Rh7 b4 37. Rc5 Qxc5 38. Qd7# 1-0

[Event "GRE-ch U16"]
[Site "Porto Rio"]
[Date "2016.06.29"]
[Round "2"]
[White "Vitsaxakis, Nikolaos"]
[Black "Argyropoulos, Theodoros"]
[Result "1-0"]
[WhiteElo "1841"]
[BlackElo "1565"]
[PlyCount "109"]
[EventDate "2016.06.28"]
[EventType "swiss"]
[EventRounds "9"]
[EventCountry "GRE"]
[SourceTitle "CBM 173 Extra"]
[Source "ChessBase"]
[SourceDate "2016.08.29"]
[SourceVersion "1"]
[SourceVersionDate "2016.08.29"]
[SourceQuality "1"]

1. e4 c5 2. Nc3 Nc6 3. g3 e6 4. Bg2 Nge7 5. d3 g6 6. Be3 d6 7. Qd2 Bg7 8. Bh6 0-0 9. h4 Nd4 10. 0-0-0 f5 11. h5 Rf7 12. hxg6 Nxg6 13. Nh3 Bxh6 14. Qxh6 Qf8 15. Ng5 Qxh6 16. Rxh6 Rg7 17. Rdh1 Nf8 18. f4 Rb8 19. Kd2 b5 20. Nd1 Rg6 21. c3 Nc6 22. exf5 Rxh6 23. Rxh6 Ne7 24. fxe6 Kg7 25. Rh1 Bxe6 26. Nxe6+ Nxe6 27. Re1 Kf6 28. Bh3 Nf5 29. Nf2 Neg7 30. g4 Nh4 31. Re3 d5 32. Ke2 Re8 33. Nd1 d4 34. cxd4 cxd4 35. Re4 Rxe4+ 36. dxe4 Ne6 37. g5+ Ke7 38. Bxe6 Kxe6 39. Nf2 Kd6 40. Nd3 a5 41. Kf2 b4 42. f5 Kc6 43. Kg3 Ng6 44. fxg6 hxg6 45. Ne5+ Kb5 46. Nxg6 d3 47. Kf3 Kc4 48. Ne5+ Kd4 49. Nxd3 Kxd3 50. g6 a4 51. g7 b3 52. axb3 axb3 53. g8Q Kc2 54. Qxb3+ Kxb3 55. e5 1-0

[Event "Heraklion op 17th"]
[Site "Heraklion"]
[Date "2016.05.08"]
[Round "8"]
[White "Grammatikaki, Aggeliki"]
[Black "Vitsaxakis, Nikolaos"]
[Result "0-1"]
[WhiteElo "1560"]
[BlackElo "1749"]
[PlyCount "130"]
[EventDate "2016.05.02"]
[EventType "swiss"]
[EventRounds "9"]
[EventCountry "GRE"]
[SourceTitle "CBM 172 Extra"]
[Source "ChessBase"]
[SourceDate "2016.06.21"]
[SourceVersion "1"]
[SourceVersionDate "2016.06.21"]
[SourceQuality "1"]

1. e4 c5 2. Nf3 d6 3. Bb5+ Bd7 4. Bxd7+ Qxd7 5. c4 Nc6 6. d4 cxd4 7. Nxd4 Nf6 8. Nc3 g6 9. h3 Bg7 10. Be3 0-0 11. 0-0 Rac8 12. b3 Rfd8 13. Nxc6 bxc6 14. Rc1 e6 15. Qf3 h6 16. Rfd1 Qe7 17. Rd3 Nd7 18. Qg3 Ne5 19. Rd2 c5 20. f4 Nc6 21. f5 Be5 22. Bf4 Bd4+ 23. Kh1 g5 24. Nb5 Be5 25. Bxe5 dxe5 26. Rcd1 Rxd2 27. Rxd2 a6 28. Nc3 exf5 29. exf5 f6 30. Qf3 Nd4 31. Qh5 Qh7 32. Nd5 Rf8 33. Qg4 h5 34. Qe4 Rf7 35. Rf2 g4 36. Qd3 Qh6 37. Qe3 Qxe3 38. Nxe3 g3 39. Rf1 h4 40. Nd5 Kg7 41. Nc3 Rc7 42. Ne4 Rc6 43. Nc3 a5 44. Nd5 Rd6 45. Nc3 Nc2 46. Ne4 Rd3 47. Nxc5 Re3 48. Nb7 a4 49. Rc1 axb3 50. axb3 Rxb3 51. Nc5 Rc3 52. Ne6+ Kf7 53. c5 Ke7 54. Kg1 e4 55. Nf4 Rxc5 56. Ng6+ Kf7 57. Nxh4 Rd5 58. Kf1 Rd2 59. Rb1 Rf2+ 60. Kg1 e3 61. Nf3 e2 62. Rc1 Ne3 63. Nd2 Nd1 64. Rc7+ Ke8 65. Rc8+ Kd7 0-1

[Event "Heraklion op 17th"]
[Site "Heraklion"]
[Date "2016.05.06"]
[Round "6"]
[White "Milonakis, Georgios"]
[Black "Vitsaxakis, Nikolaos"]
[Result "1-0"]
[WhiteElo "2233"]
[BlackElo "1749"]
[PlyCount "75"]
[EventDate "2016.05.02"]
[EventType "swiss"]
[EventRounds "9"]
[EventCountry "GRE"]
[SourceTitle "CBM 172 Extra"]
[Source "ChessBase"]
[SourceDate "2016.06.21"]
[SourceVersion "1"]
[SourceVersionDate "2016.06.21"]
[SourceQuality "1"]

1. Nf3 d5 2. g3 c5 3. Bg2 Nf6 4. 0-0 Nc6 5. d4 Bf5 6. c4 e6 7. Nc3 Rc8 8. cxd5 Nxd5 9. Nh4 Nxc3 10. bxc3 Bg4 11. h3 Bh5 12. d5 exd5 13. Qxd5 Qxd5 14. Bxd5 Bg6 15. Nxg6 hxg6 16. Kg2 Be7 17. e4 g5 18. f4 gxf4 19. gxf4 b5 20. Be3 b4 21. Rac1 bxc3 22. Rxc3 Nb4 23. Bc4 Rh6 24. a3 Na6 25. Rb1 Nc7 26. Rb7 a6 27. Bb3 Na8 28. Ba4+ Kf8 29. Bd7 Rd8 30. Rxc5 Bxc5 31. Bxc5+ Kg8 32. Be7 Rxd7 33. Rxd7 Re6 34. Kf3 Kh7 35. Bc5 Rc6 36. Bd4 f6 37. e5 Kg6 38. Rd6 1-0

[Event "Heraklion op 17th"]
[Site "Heraklion"]
[Date "2016.05.05"]
[Round "5"]
[White "Vitsaxakis, Nikolaos"]
[Black "De Lange, Job"]
[Result "1-0"]
[WhiteElo "1749"]
[BlackElo "2255"]
[PlyCount "47"]
[EventDate "2016.05.02"]
[EventType "swiss"]
[EventRounds "9"]
[EventCountry "GRE"]
[SourceTitle "CBM 172 Extra"]
[Source "ChessBase"]
[SourceDate "2016.06.21"]
[SourceVersion "1"]
[SourceVersionDate "2016.06.21"]
[SourceQuality "1"]

1. e4 g6 2. d4 Bg7 3. Nc3 d6 4. f4 Nf6 5. Nf3 0-0 6. h3 c5 7. d5 e6 8. Be2 exd5 9. exd5 Na6 10. 0-0 Nc7 11. a4 b6 12. Nh2 a6 13. Bf3 Bb7 14. Qd3 b5 15. Ng4 b4 16. Nxf6+ Qxf6 17. Ne2 Rfe8 18. c4 bxc3 19. bxc3 Bxd5 20. Bxd5 Nxd5 21. Qxd5 Qe6 22. Qxe6 Rxe6 23. Ra2 Rae8 24. Kf2 1-0

[Event "Heraklion op 17th"]
[Site "Heraklion"]
[Date "2016.05.04"]
[Round "4"]
[White "Vitsaxakis, Nikolaos"]
[Black "Kolomvakis, Stelios"]
[Result "1-0"]
[WhiteElo "1749"]
[BlackElo "1913"]
[PlyCount "59"]
[EventDate "2016.05.02"]
[EventType "swiss"]
[EventRounds "9"]
[EventCountry "GRE"]
[SourceTitle "CBM 172 Extra"]
[Source "ChessBase"]
[SourceDate "2016.06.21"]
[SourceVersion "1"]
[SourceVersionDate "2016.06.21"]
[SourceQuality "1"]

1. e4 c5 2. Nc3 Nc6 3. g3 g6 4. Bg2 Bg7 5. d3 e6 6. Be3 Nd4 7. Qd2 Ne7 8. Nd1 d6 9. c3 Ndc6 10. Bh6 0-0 11. h4 Bxh6 12. Qxh6 Kh8 13. h5 Ng8 14. Qd2 g5 15. h6 f6 16. Ne3 Rb8 17. f4 gxf4 18. gxf4 Nge7 19. 0-0-0 Bd7 20. Qf2 b5 21. Ne2 b4 22. c4 Nd4 23. Nxd4 cxd4 24. Ng4 e5 25. f5 Ng8 26. Bf3 Qe7 27. Rdg1 a5 28. Qg2 Rf7 29. Nf2 d5 30. Bh5 1-0

[Event "GRE-ch U16"]
[Site "Kavala"]
[Date "2016.01.02"]
[Round "1"]
[White "Grigoriadis, Mihail"]
[Black "Vitsaxakis, Nikolaos"]
[Result "1-0"]
[WhiteElo "2256"]
[BlackElo "1743"]
[PlyCount "81"]
[EventDate "2016.01.02"]
[EventType "swiss"]
[EventRounds "9"]
[EventCountry "GRE"]
[SourceTitle "EXT 2024"]
[Source "ChessBase"]
[SourceDate "2023.10.10"]
[SourceVersion "1"]
[SourceVersionDate "2023.10.10"]
[SourceQuality "1"]

1. e4 c6 2. d3 d5 3. Qe2 dxe4 4. dxe4 e5 5. Nc3 Be6 6. Bd2 Nd7 7. Nf3 h6 8. h3 Qc7 9. g3 Ngf6 10. Bg2 Bc5 11. 0-0 0-0 12. Nh4 b5 13. b3 Bd4 14. Rac1 g6 15. Nd1 Kg7 16. Ne3 Bb6 17. Ng4 Nxg4 18. hxg4 Nf6 19. Bf3 Rh8 20. c4 bxc4 21. bxc4 Bd4 22. Kg2 h5 23. gxh5 Nxh5 24. Rh1 Nf6 25. g4 Rh7 26. g5 Nh5 27. Bxh5 Rxh5 28. Nf5+ Bxf5 29. exf5 Rah8 30. f6+ Kg8 31. Rxh5 Rxh5 32. Rb1 Qc8 33. Rb3 Qe6 34. Rg3 e4 35. Qg4 Qe8 36. Bf4 e3 37. Bxe3 Bxe3 38. Rxe3 Qb8 39. f4 c5 40. Qd7 Qb2+ 41. Kf3 1-0

[Event "GRE-ch U16"]
[Site "Rio Achaia"]
[Date "2015.07.02"]
[Round "9.16"]
[White "Salifoglou, Ioannis"]
[Black "Vitsaxakis, Nikolaos"]
[Result "1/2-1/2"]
[WhiteElo "1426"]
[BlackElo "1579"]
[PlyCount "90"]
[EventDate "2015.06.26"]
[EventType "swiss"]
[EventRounds "9"]
[EventCountry "GRE"]
[SourceTitle "EXT 2024"]
[Source "ChessBase"]
[SourceDate "2023.10.10"]
[SourceVersion "1"]
[SourceVersionDate "2023.10.10"]
[SourceQuality "1"]

1. e4 a6 2. d4 d6 3. Nf3 g6 4. Bd3 Bg7 5. 0-0 Nd7 6. b3 b5 7. c4 Rb8 8. Nbd2 Ngf6 9. Bb2 bxc4 10. Bxc4 0-0 11. Qc2 Nb6 12. Bd3 Bb7 13. Rac1 c6 14. Rfe1 Qd7 15. Bf1 Rfd8 16. a3 Rbc8 17. Qd3 Nh5 18. g3 c5 19. Rc2 cxd4 20. Bxd4 Rxc2 21. Qxc2 Rc8 22. Qb2 Qc7 23. Bxg7 Nxg7 24. Nc4 d5 25. exd5 Nxd5 26. Nfd2 Ne6 27. Qe5 Qc5 28. Bg2 a5 29. Ne4 Qa7 30. Nc3 Nxc3 31. Qxc3 Bxg2 32. Kxg2 Rc5 33. Re5 Rxe5 34. Nxe5 Qb7+ 35. Kg1 Ng5 36. h4 Nh3+ 37. Kf1 Qh1+ 38. Ke2 Qe4+ 39. Qe3 Qc2+ 40. Kf3 Qf5+ 41. Kg2 Nxf2 42. Nxg6 hxg6 43. Qxf2 Qe4+ 44. Qf3 Qc2+ 45. Kh3 Qc5 1/2-1/2

[Event "GRE-ch U16"]
[Site "Rio Achaia"]
[Date "2015.06.29"]
[Round "6.14"]
[White "Dalipis, Nikolaos"]
[Black "Vitsaxakis, Nikolaos"]
[Result "1-0"]
[WhiteElo "1850"]
[BlackElo "1579"]
[PlyCount "65"]
[EventDate "2015.06.26"]
[EventType "swiss"]
[EventRounds "9"]
[EventCountry "GRE"]
[SourceTitle "EXT 2024"]
[Source "ChessBase"]
[SourceDate "2023.10.10"]
[SourceVersion "1"]
[SourceVersionDate "2023.10.10"]
[SourceQuality "1"]

1. e4 a6 2. d4 d6 3. Nf3 g6 4. h3 Bg7 5. Be3 Nd7 6. Nc3 b5 7. a3 Bb7 8. Qd2 c5 9. d5 Ngf6 10. Bd3 Qc7 11. Bh6 0-0 12. Bxg7 Kxg7 13. Nh2 c4 14. Be2 Nc5 15. f3 Nfd7 16. g4 Nb6 17. h4 e6 18. g5 exd5 19. Qd4+ f6 20. gxf6+ Kf7 21. exd5 Bc8 22. 0-0-0 Bf5 23. Ng4 Bxg4 24. fxg4 Rfe8 25. g5 Rh8 26. Bg4 Rae8 27. Rde1 Re5 28. h5 Rxe1+ 29. Rxe1 Re8 30. hxg6+ hxg6 31. Rh1 Nbd7 32. Rh7+ Kf8 33. Bxd7 1-0